| 000 | 00497nam a2200157Ia 4500 | ||
|---|---|---|---|
| 008 | 100122s9999 xx 000 0 und d | ||
| 082 |
_b55131 _a823.08 |
||
| 100 | _aपारगावकर वि शं | ||
| 245 | _aउजळती लकेर | ||
| 260 |
_bप्रतिमा प्रकाशन _c1998 |
||
| 300 | _a275 | ||
| 630 | _aउजळती लकेर | ||
| 700 | _aपुंडे दत्तात्रय | ||
| 730 | _aउजळती लकेर | ||
| 942 | _cBOOK | ||
| 999 |
_c431808 _d431805 |
||